主要地方道における港・空港 - Statistics

General Stats
  • This quiz has been taken 28 times
  • The average score is 44 of 115
Answer Stats
都道府県 Answer 備考 % Correct
25号 釧路
84%
65号 釧路
84%
63号 函館 空港線
80%
130号 新千歳
80%
北海道道 17号 小樽 港線
76%
64号 女満別 郡部
72%
109号 新帯広
72%
青森県道 18号 青森 港線
72%
68号 旭川
68%
22号 留萌
64%
69号 中標津 郡部
64%
7号 石巻
64%
20号 仙台 空港線
64%
秋田県道 25号 秋田 港線
60%
46号 秋田 空港線
60%
42号 酒田 港線
60%
大阪府道 5号 大阪 港八尾線
60%
11号 大阪 国際空港線
60%
宮城県道 5号 気仙沼
56%
新潟県道 4号 新潟 港横越線
56%
36号 敦賀 港線
56%
長野県道 27号 松本 空港塩尻北インター線
56%
愛知県道 71号 名古屋西 港線 名古屋市内
56%
岩手県道 4号 釜石
52%
山形県道 33号 庄内 空港立川線
52%
茨城県道千葉県道 44号 成田小見川 鹿島 港線
52%
30号 富山 港線
52%
55号 富山 空港線
52%
17号 金沢 港線
52%
福井県道 15号 小浜 港線
52%
和歌山県道 16号 和歌山 港線
52%
41号 鳥取
52%
47号 米子
52%
73号 広島 空港線
52%
82号 広島 空港本郷線
52%
55号 宇部
52%
45号 高松 空港線
52%
高知県道 13号 高知 空港線
52%
45号 福岡 空港線
52%
佐賀県道 49号 佐賀 空港線
52%
26号 佐世保 港線
52%
38号 長崎 空港線
52%
大分県道 22号 大在 大分
52%
50号 但馬 空港線
48%
62号 姫路 港線
48%
33号 南紀白浜 空港線
48%
57号 下関
48%
40号 徳島 空港線
48%
香川県道 19号 坂出 港線
48%
愛媛県道 14号 今治 港線
48%
18号 松山 空港線
48%
19号 松山 港線
48%
22号 伊予 松山 港線
48%
39号 松山 港内宮線
48%
熊本県道 51号 熊本 港線
48%
52号 宮崎 空港線
48%
浜口 港線 大阪市内
44%
島根県道 33号 浜田
44%
岡山県道広島県道 3号 井原 福山 港線
44%
山口県道 52号 徳山 港線
44%
福岡県道 37号 小倉
44%
44号 博多
44%
64号 対馬
44%
27号 八幡浜 港線
40%
71号 新門司 港大里線 北九州市内
40%
82号 竜郷 奄美
40%
40号 岡山
36%
徳島県道 17号 小松島
36%
65号 壱岐
36%
鹿児島県道 26号 桜島 港黒神線 鹿児島市内
36%
11号 塩釜
32%
57号 尼崎 港線
32%
43号 隠岐 空港線
32%
63号 福江
32%
79号 石垣 港伊原間線
32%
福島県道茨城県道 27号 大津 港線
28%
40号 両津 港線 佐渡市内
28%
39号 岸和田 港塔原線
28%
兵庫県道 3号 豊岡 港線 2006年改称
28%
56号 仙崎
28%
32号 枕崎 港線
28%
28号 当別 浜益 石狩市内
24%
茨城県道 57号 常陸那珂 港南線
24%
62号 常陸那珂 山方線
24%
大阪府道和歌山県道 65号 加太 港線 和歌山市内
24%
80号 伊仙亀津 徳之島 空港線
24%
富山県道 24号 伏木 港線 射水市内
20%
32号 小矢部 伏木 港線 射水市内
20%
39号 苅田
20%
35号 油津 日南市
20%
58号 隼人 霧島市内
20%
62号 上五島 空港線
16%
宮崎県道 23号 細島 日向市内
16%
38号 串木野
16%
84号 知名 沖永良部
16%
89号 久米島 空港真泊線
16%
石川県道 12号 蛸島 港線 珠洲市内
12%
20号 下田 港線 四万十市内
8%
90号 下地島 空港佐良浜線
8%
19号 橋立 港線 加賀市内
4%
48号 福浦 港中島線 志賀町内
4%
三重県道 70号 賀田 港中山線 尾鷲市内
4%
鳥取県道 27号 網代 港線 岩美町内
4%
15号 大西 波止浜 港線 今治市内
4%
長崎県道 25号 郷ノ浦 港線 壱岐市内
4%
京都府道福井県道 21号 舞鶴 野原 港高浜線 舞鶴市内
0%
大阪市道 港線 大阪市内
0%
広島県道 53号 沼隈 横田 福山市内
0%
23号 富岡 阿南市内
0%
28号 坂手 港線 小豆島町内
0%
38号 今治 波方 港線 今治市内
0%
43号 西彼 太田和 港線 西海市内
0%
56号 上県 小鹿 港線 対馬市内
0%
57号 神ノ浦 港長浦線 長崎市内
0%
沖縄県道 72号 名護 運天 港線 今帰仁村内
0%
No matching quizzes found
Score Distribution
Percent of People with Each Score
Percentile by Number Answered
Your Score History
You have not taken this quiz